| 000 | 00594cam a2200229 4500 | ||
|---|---|---|---|
| 001 | 329788 | ||
| 003 | OSt | ||
| 005 | 20180116183026.0 | ||
| 008 | 710329s1971 nyu 000 1 eng | ||
| 010 | _a 75142348 | ||
| 020 | _a0 | ||
| 040 |
_aDLC _cDLC _dDLC |
||
| 050 | 0 | 0 |
_aPZ4.W128 _bVi _aPS3573.A35 |
| 082 | 0 | 0 | _a813.54 WAG 1971 |
| 100 | 1 |
_aWager, Walter, _d1924-2004. |
|
| 245 | 1 | 0 |
_aViper Three _c[by] Walter Wager. |
| 260 |
_aNew York, _bMacmillan _c[1971] |
||
| 300 |
_a257 p. _c21 cm. |
||
| 350 | _a$5.95 | ||
| 906 |
_a7 _bcbc _corignew _d2 _encip _f19 _gy-gencatlg |
||
| 942 |
_2ddc _cBK |
||
| 999 |
_c350796 _d350796 |
||